000 00979nam a2200301Ia 4500
001 Z_1717
003 CHAP
008 220113s1999 xx 000 0 und d
010 _a164809
040 _cCHAP
090 _aTesis M 1381
100 _aMora González, Pablo
_978141
245 _aHarina de larva de mosca doméstica (Musca domestica L.) como fuente de proteína en dietas para pollos de engorda /
_cpor Pablo Mora González y Juan Carlos Rojas Hernández
260 _aChapingo, Méx. :
_bEl autor,
_c1999
300 _a38 h.
502 _aTesis (Ing. Agr. Esp. en Zootecnia) -- UACH. Departamento de Zootecnia
650 _aAves de corral
_xNutrición
_98672
650 _aHarina de mosca
_9138876
650 _aMusca domestica
_979867
650 _aProteínas en nutrición animal
_992454
700 _aRojas Hernández, Juan Carlos
_999317
901 _aTESIS M 1381
902 _aM
910 _a1999
942 _c2
942 _c2
999 _c164809
_d164809